Normal view
MARC view
- Bárcenas Barajas, Karina B.
Entry Nombre Personal
001 - NUMERO DE CONTROL
- campo de control: 55361
003 - IDENTIFICADOR DE NUMERO DE CONTROL
- campo de control: MX-MxUPN
005 - FECHA Y HORA DE LA ÜLTIMA TRANSACCIÓN
- campo de control: 20260416084249.0
008 - DATOS DE LONGITUD FIJA
- campo de control de longitud fija: 250214nn acnnnaabn a ana d
040 ## - FUENTE DE CATALOGACIÓN
- Agencia original de catalogación: MX-MxUPN
- Lenguaje de catalogación: spa
100 1# - ENCABEZAMIENTO - NOMBRE PERSONAL
- Nombre personal: Bárcenas Barajas, Karina B.
- Fuller form of name: (Karina Berenice)
400 1# - VEÁSE - NOMBRE DE PERSONA
- Personal name: Karina Bárcenas Barajas
400 1# - VEÁSE - NOMBRE DE PERSONA
- Personal name: Barajas, Karina Bárcenas
670 ## - FUENTE EN LA QUE SE LOCALIZARON DATOS
- Cita de la fuente: Género y sexualidad en disputa, 2021 :
- Información localizada: portada (Karina Bárcenas Barajas)
670 ## - FUENTE EN LA QUE SE LOCALIZARON DATOS
- Cita de la fuente: Autoridades LC, 16 abril 2026 :
- Información localizada: Bárcenas Barajas, Karina B. (Karina Berenice)
- Uniform Resource Identifier: https://lccn.loc.gov/no2011012856
902 ## - CATALOGADOR
- Catalogador: VíctorGodínez/160426
